[Event "36th Zalakaros Festival 2017"]
[Site "Zalakaros"]
[Date "2017.05.23"]
[Round "6"]
[White "Secheres, Adrian-Simion"]
[Black "Krstulovic, Alex"]
[Result "1/2-1/2"]
[WhiteElo "2309"]
[BlackElo "2280"]
[Annotator "TA"]
[PlyCount "112"]
[EventDate "2017.??.??"]
[EventType "swiss"]
[EventCountry "HUN"]
[SourceTitle "playchess.com"]
[Source "ChessBase"]
[SourceQuality "1"]

{[%evp 10,112,24,49,39,-36,-35,-37,-53,-53,-53,-53,-52,-66,-50,-61,-29,-51,-56,-83,-71,-77,-61,-79,-70,-89,-53,-52,-45,-33,-7,-5,0,0,0,0,0,0,20,-10,-21,-23,-31,-41,-50,-297,-300,-284,-277,-260,-251,-238,-91,-94,-94,-94,-94,-96,-97,-140,-140,-137,-134,-155,-118,-170,-170,-170,-143,-170,0,-170,0,-170,-143,-170,-170,-170,-170,-170,-170,-170,-170,-170,-99,-170,-170,-170,-170,-170,-170,-170,-170,-170,0,-159,-156,-158,-156,-199,0,-146,-102,-102,-102]} 1. d4 d5 2. c4 c6 3. Nc3 Nf6 4. e3 Bf5 5. cxd5 cxd5 6. Qb3 Nc6 {[%cal Bb8c6,Bc6a5,Ba5c4,Bc4d2][%mdl 32] D10: Slav Defence: 3 cxd5 (without early Nf3) and 3 Nc3} 7. Bb5 ({White should play} 7. Qxb7 $14 Bd7 8. Qa6) (7. Qxb7 Bd7 8. Qb3 Rb8 9. Qd1 e5 10. dxe5 Nxe5 11. Nge2 Bc5 12. Nd4 O-O 13. Be2 Qe7 14. O-O {1-0 (48) Melkumyan,H (2640)-Solak,D (2633) Izmir 2016}) 7... e6 $15 8. Nf3 Bd6 $146 {Black is slightly better.} ({Predecessor:} 8... Nd7) 9. O-O O-O 10. Bd2 Na5 11. Qd1 a6 12. Be2 Nd7 13. Na4 Nc4 14. b3 Nxd2 15. Qxd2 b5 16. Nb2 Qe7 17. Nd3 Nf6 18. Rfc1 Ne4 19. Qa5 g5 20. Rc6 Rfc8 (20... Qb7 $5 {[%cal Rb7c6]} 21. Rcc1 Rfc8 $15) 21. Rxc8+ Rxc8 22. Qxa6 Qc7 23. h3 h5 {[%cal Bh7h5,Bh5g4][%mdl 32]} 24. Bf1 g4 25. hxg4 hxg4 26. Rc1 Nc3 27. Nfe5 $2 {[#]} (27. Rxc3 $1 $15 Qxc3 28. Nc5 Rxc5 29. dxc5 Bxc5 30. Nh4) 27... Bxe5 $1 $19 28. Nxe5 {[#]} Ne2+ $1 {[%mdl 512]} 29. Bxe2 Qxc1+ 30. Kh2 Kg7 (30... Qc7 $19 {is more deadly. ...f6 is the strong threat.} 31. Bxb5 Kg7) 31. Qb7 {[#]} Qc7 $1 {[%cal Rc7b7]} 32. Qxc7 Rxc7 33. Bxb5 $17 {[%mdl 4096] Endgame KRB-KBN} Rc2 34. Kg3 Rxa2 35. Nd7 Rb2 36. Nc5 Bc2 37. Ba4 (37. Kxg4 $17 Bxb3 38. Nxb3 Rxb3 39. Bc6) 37... Bd1 $19 38. Nd3 Rb1 39. Nc5 Rb2 40. Nd3 $1 {[%cal Rd3b2]} Rb1 41. Nc5 Rc1 42. Bd7 Kf6 43. b4 Ke7 44. Bc6 Be2 45. b5 Rb1 46. Na4 Rb3 ({Resist} 46... Bxb5 47. Nc3 $11) (46... Bf1 $19 47. Nc3 Rb3) 47. Nc5 (47. b6 $17 {might work better.}) 47... Rb4 48. Na6 Rb2 49. Nc5 Bf1 50. Na4 Rb4 51. Nc5 Rb2 52. Na4 Rb3 53. Nc5 Rb1 54. Na4 Rb4 ({Not} 54... Bxb5 55. Nc3 $11) (54... f5 $19 55. b6 Rb4) 55. Nc5 $1 $17 Bxb5 56. Bxb5 Rxb5 {Precision: White = 48%, Black = 51%.} 1/2-1/2

[Event "36th Zalakaros Festival 2017"]
[Site "Zalakaros"]
[Date "2017.05.23"]
[Round "6"]
[White "Pultorak, Jan"]
[Black "Szalanczy, Emil"]
[Result "1-0"]
[WhiteElo "2303"]
[BlackElo "2230"]
[Annotator "TA"]
[PlyCount "109"]
[EventDate "2017.??.??"]
[EventType "swiss"]
[EventCountry "HUN"]
[SourceTitle "playchess.com"]
[Source "ChessBase"]
[SourceQuality "1"]

{[%evp 28,109,47,17,62,39,41,50,43,56,39,22,93,65,115,115,115,106,132,106,119,110,159,168,187,181,200,205,210,208,264,284,281,266,278,191,312,308,398,305,360,390,410,309,313,318,317,314,391,349,345,336,417,333,459,449,458,479,445,458,656,641,681,707,699,660,663,617,735,706,810,791,1051,973,868,570,2299,2023,1317,905,29979,29980,29990,29991]} 1. d4 c5 2. d5 e6 3. c4 exd5 4. cxd5 d6 5. Nc3 Nf6 6. e4 g6 7. f4 Bg7 8. Bb5+ Nfd7 9. Bd3 O-O 10. Nf3 Nf6 11. O-O Bg4 12. h3 Bxf3 13. Qxf3 Nbd7 14. Kh1 a6 15. a4 Qc7 {A67: Modern Benoni: Taimanov Variation} 16. Be3 c4 $146 ({Predecessor:} 16... Rab8 17. a5 b5 18. axb6 Rxb6 19. Rxa6 Rxa6 20. Bxa6 Rb8 21. Rf2 Qa5 22. Bd3 Nh5 23. g4 Bxc3 24. bxc3 Qxc3 {½-½ (46) Piskov,Y (2440)-Nedev,T (2215) Star Dojran 1991}) 17. Bc2 Nc5 {White is slightly better.} 18. Bd4 Nfd7 19. Qf2 f6 (19... Bxd4 $11 {remains equal.} 20. Qxd4 Nb3 21. Bxb3 cxb3) 20. Qe2 Nb3 21. Bxb3 $1 cxb3 22. Ra3 Nc5 23. Bxc5 Qxc5 24. Rxb3 b6 25. f5 Bh6 26. Nd1 {Strongly threatening fxg6.} Ra7 27. Rg3 Rg7 28. Qxa6 Qd4 29. Nc3 gxf5 30. Rxg7+ Kxg7 31. Rxf5 Kh8 (31... Qd2 $142 32. Qxb6 Bf4 33. Qa7+ Kg8) 32. Qe2 $18 Rg8 33. Rf3 Qe5 34. Qf2 Qg5 35. g3 Qc1+ 36. Kh2 Bd2 37. Rd3 ({Don't play} 37. Qxb6 Be1 $18) 37... Bh6 38. Rd1 Qg5 39. Rf1 Bg7 40. Qf4 h5 41. Nb5 Rd8 42. h4 Qxf4 43. Rxf4 {[%mdl 4096] Endgame KRB-KRN} f5 (43... Kh7 $142 44. Kg2 Kg6) 44. Rxf5 Bxb2 45. Rxh5+ Kg7 46. Rg5+ Kh7 47. Rf5 Be5 48. Rf7+ Kh6 49. Kh3 Ra8 {[#]} 50. Nxd6 $1 Rxa4 (50... Bxd6 51. Rf6+) 51. Re7 Bc3 52. Nf5+ Kg6 53. Re6+ Kh7 54. d6 {[%cal Bd5d6,Bd6d7][%mdl 32]} Ra1 55. d7 {Precision: White = 62%, Black = 28%.} 1-0

[Event "36th Zalakaros Festival 2017"]
[Site "Zalakaros"]
[Date "2017.05.23"]
[Round "6"]
[White "Rahul Srivatshav P"]
[Black "Manea, Alexandru"]
[Result "1/2-1/2"]
[WhiteElo "2303"]
[BlackElo "2410"]
[Annotator "TA"]
[PlyCount "108"]
[EventDate "2017.??.??"]
[EventType "swiss"]
[EventCountry "HUN"]
[SourceTitle "playchess.com"]
[Source "ChessBase"]
[SourceQuality "1"]

{[%evp 12,108,70,55,62,39,57,25,69,28,45,13,46,64,52,67,61,56,66,-14,122,132,126,-6,13,22,16,18,17,17,15,-17,-15,-12,-19,-7,0,0,-6,-44,-28,-50,-6,-40,-39,-72,-70,-156,-147,-157,-156,-170,-168,-185,-174,-243,-244,-243,-242,-240,-204,-235,-233,-225,-153,-158,-126,-159,0,-150,0,-150,-107,-125,-104,-172,-104,-160,-145,-156,-83,-163,-83,-127,-100,-118,0,-117,0,-134,0,-137,-82,-118,0,-127,0,-129,0]} 1. d4 Nf6 2. c4 c5 3. d5 e6 4. Nc3 exd5 5. cxd5 Bd6 6. Nf3 O-O 7. g3 Re8 {A60: Modern Benoni: Early Divergences} 8. Bg2 Bf8 9. d6 (9. O-O d6 10. Nd2 Nbd7 11. h3 a6 12. a4 Rb8 13. a5 b5 14. axb6 Rxb6 {1-0 (41) Wojtaszek,R (2727)-Li,C (2751) Huaian 2016}) 9... h6 {White has an edge.} 10. O-O Re6 $146 ({Predecessor:} 10... a6 11. Nh4 Nc6 12. e4 Rb8 13. f4 Nd4 {0-1 (13) Huber,M-Raynolds,P IECG email 2002}) 11. e4 {And now e5 would win.} Nc6 12. e5 Nxe5 13. Nxe5 Rxe5 14. Bf4 Re6 15. Bh3 ({White should play} 15. Re1 $14) 15... g5 (15... b6 $1 $11) 16. Bxe6 $16 dxe6 17. Be3 (17. Be5 $16 {Bxf6 is the strong threat.} Nd7 18. f4) 17... Qxd6 18. f4 {Black should prevent Qxd6.} g4 $1 19. Qxd6 Bxd6 20. Rad1 Be7 21. f5 exf5 22. Bxh6 Be6 23. Bf4 Kf8 24. Rfe1 Rc8 25. a3 Rc6 26. Nb5 a6 27. Nc7 (27. Nd6 {is interesting.} Nd5 28. Bh6+ Kg8 29. Nxf5 Bf6 30. Bc1) 27... b5 {[%cal Bb7b5,Bb5b4][%mdl 32]} 28. Nxe6+ fxe6 29. a4 (29. Kg2 $15) 29... b4 $1 $17 30. b3 Nd5 31. Be5 Bg5 32. Bb2 Kf7 33. Rd3 (33. a5 {was necessary.}) 33... c4 $19 34. bxc4 Rxc4 35. Re2 Bd8 36. h3 gxh3 37. Kh2 Bc7 38. Kxh3 Bb6 39. Rf3 Bc7 40. Rd3 $1 Bb6 41. Rf3 $1 Ba7 42. Rd2 Ke7 43. Re2 {[#]} (43. Rfd3 $17) 43... Kd7 (43... Nc3 $1 $19 {[%cal Rc3e2]} 44. Bxc3 bxc3) 44. Rd2 (44. Rd3 $142) 44... Bb6 45. Rfd3 Kd6 (45... Re4 $142 46. Kg2 Kc6 47. Rc2+ Bc5) 46. Re2 {[#]} (46. Kg2 $17) 46... Bc5 ({Black should try} 46... Re4 $1 $19 {[%cal Re4e2]} 47. Red2 Re3 48. Rxe3 Bxe3) 47. Be5+ Kd7 48. Bb2 Kd6 49. Be5+ $1 Kd7 50. Bb2 $1 Bb6 ({Better is} 50... a5 $17 51. Kg2 Re4 52. Rxe4 fxe4) 51. Kh2 (51. Red2 $1 $11) 51... Rg4 (51... Re4 $142 52. Rxe4 fxe4) 52. Be5 $17 Rc4 53. Bb2 $1 Rg4 54. Be5 $1 Rc4 {Precision: White = 39%, Black = 35%.} (54... Bc5 $17 55. Kg2 Bd6) 1/2-1/2

[Event "36th Zalakaros Festival 2017"]
[Site "Zalakaros"]
[Date "2017.05.23"]
[Round "6"]
[White "Sadhwani, Raunak"]
[Black "Swayams, Mishra"]
[Result "0-1"]
[WhiteElo "2298"]
[BlackElo "2448"]
[Annotator "TA"]
[PlyCount "100"]
[EventDate "2017.??.??"]
[EventType "swiss"]
[EventCountry "HUN"]
[SourceTitle "playchess.com"]
[Source "ChessBase"]
[SourceQuality "1"]

{[%evp 20,100,25,18,16,0,0,0,-2,-13,0,0,0,0,0,-10,8,6,14,0,0,-34,-16,-52,33,18,19,-102,-109,-126,-133,-120,-127,-117,-118,-121,-126,-114,-114,-162,-169,-175,-163,-189,-179,-182,-119,-204,-84,-88,-103,-164,-64,-64,-70,-68,-70,-166,-163,-204,-208,-238,-211,-673,-673,-672,-657,-615,-487,-1713,-1604,-12821,-12817,-5824,-11715,-7856,-5816,-7315,-7177,-6829,-6625,-5385,-1720]} 1. e4 e5 2. Nf3 Nc6 3. Bb5 {[%cal Bf1b5,Bb5a4,Ba4b3][%mdl 32]} a6 4. Ba4 Nf6 5. O-O Be7 6. Re1 b5 7. Bb3 O-O 8. h3 Bb7 9. d3 d6 10. a3 Qd7 11. Nc3 Rfe8 {C88: Closed Ruy Lopez: Anti-Marshall Systems} (11... Nd4 12. Nxd4 exd4 13. Ne2 c5 14. Ng3 Rac8 15. Qf3 c4 16. Ba2 d5 17. e5 Ne8 18. Nf5 Bc5 19. b4 {½-½ (26) Wei,Y (2725)-Zhou,W (2646) Zaozhuang 2015}) 12. Ng5 Nd8 {[%cal Bc6d8,Bd8e6,Be6d4][%mdl 32]} 13. f4 exf4 {The position is equal.} 14. Bxf4 h6 15. Nf3 Ne6 {[#]} 16. Be3 $146 ({Predecessor:} 16. Bh2 c5 17. Qd2 Bd8 18. Kh1 {½-½ (59) Lutz,C (2596)-Jenni,F (2503) Mallorca 2004}) 16... c5 17. Rf1 Qc7 (17... c4 $5 18. dxc4 bxc4 19. Bxc4 Nxe4 $11) 18. Nd2 Nd4 19. Ba2 (19. Bxd4 $5 cxd4 20. Ne2 $11) 19... Rad8 20. Nf3 Ne6 21. Nd2 b4 ({Black should play} 21... c4 $15 22. dxc4 bxc4) 22. axb4 cxb4 23. Na4 (23. Nd5 $11 Nxd5 24. Bxd5 (24. exd5 Bg5 $11)) 23... d5 $17 {[%cal Rd5e4]} 24. Bb6 Bc5+ $1 25. Bxc5 Nxc5 26. e5 Qxe5 ({Much worse is} 26... Nxa4 $6 27. exf6 g6 28. Nf3 $11) 27. Nxc5 Qe3+ 28. Kh1 Qxc5 29. Rxf6 gxf6 30. Qg4+ Kh8 {White must now prevent ...Qf2.} 31. Qh4 Qf8 $1 (31... Qxc2 32. Ne4 $1 $16 {[%mdl 512]}) 32. Rf1 a5 (32... Rc8 $19 33. Bb3 Qg7) 33. Nb3 {[#]} (33. Ne4 $17 dxe4 34. Rxf6) 33... Rd6 (33... Qg7 $1 $19 {has better winning chances. ...d4 is the strong threat.} 34. Rf3 Qg5 35. Qxg5 hxg5 36. Rxf6 Rc8) 34. Nxa5 Ba8 {Threatens to win with ...Ra6.} 35. Qxb4 (35. Nb3 $17) 35... Rde6 (35... Ra6 $19 36. Qxf8+ Rxf8) 36. Qxf8+ $15 Rxf8 37. Nb3 $1 Ra6 38. Bb1 (38. Nc1 $1 $15) 38... Rb8 $19 39. Rf4 {[#]} d4 $1 {[%mdl 512]} 40. Kg1 (40. Nxd4 Rxb2) 40... Bd5 41. Kh2 $2 (41. Nd2) 41... Bxb3 {Black is clearly winning.} 42. cxb3 {[%mdl 4096] Endgame KRR-KRB} Ra1 43. Rf1 Kg7 44. Kg1 (44. Kg3 $142 Rxb3 45. Bc2 Rxf1 46. Bxb3) 44... Rxb3 45. Bc2 Rxf1+ 46. Kxf1 Rxb2 47. Ba4 f5 48. Bd7 Kf6 49. Be8 Rd2 50. Bb5 Ke5 {Precision: White = 33%, Black = 62%.} 0-1

[Event "36th Zalakaros Festival 2017"]
[Site "Zalakaros"]
[Date "2017.05.23"]
[Round "6"]
[White "Risting, Eivind Olav"]
[Black "Jakab, Bela"]
[Result "0-1"]
[WhiteElo "2297"]
[BlackElo "2216"]
[Annotator "TA"]
[PlyCount "74"]
[EventDate "2017.??.??"]
[EventType "swiss"]
[EventCountry "HUN"]
[SourceTitle "playchess.com"]
[Source "ChessBase"]
[SourceQuality "1"]

{[%evp 20,74,22,13,20,7,14,14,14,14,14,12,5,5,3,5,4,10,15,14,29,-4,0,-217,-22,-54,-43,-95,-113,-218,-203,-198,-81,-96,-124,-113,-83,-100,-54,-47,-52,-59,-65,-902,-899,-875,-852,-841,-831,-949,-841,-1011,-1000,-889,-886,-848,-824]} 1. d4 Nf6 2. Bg5 e6 3. Nd2 d5 4. e4 h6 5. Bxf6 Qxf6 6. Ngf3 c5 {A46: 1 d4 Nf6 2 Nf3 e6: Torre, London and Colle Systems} 7. c3 cxd4 8. Nxd4 Bc5 9. N4f3 (9. N2b3 Bb6 10. Bb5+ Bd7 11. Bxd7+ Nxd7 12. exd5 Qe5+ 13. Ne2 exd5 {0-1 (27) Kindermann,S (2509)-Parligras,M (2607) Germany 2017}) 9... O-O 10. Bd3 Nc6 11. O-O {LiveBook: 6 Games} Bd7 12. Qe2 Ne5 $146 ({Predecessor:} 12... Qf4 13. e5 f6 {0-1 (31) Riis,S-Crawley,G (2345) Copenhagen 1987}) 13. exd5 Nxf3+ 14. Nxf3 exd5 15. Bc2 Bc6 16. Qd3 {[%csl Gc2][%cal Rd3h7]} g6 17. b4 Bb6 18. a4 a6 19. Bb3 Rad8 {White should prevent ...d4.} 20. Rfd1 Rfe8 21. Ra2 $2 {[#]} (21. Nd4 $11 {and White stays safe.}) 21... Bd7 $2 (21... d4 $1 $19 {[%cal Rd4c3][%mdl 512]} 22. Re2 (22. Nxd4 $2 Bxd4 23. cxd4 Rxd4 $19) (22. cxd4 Bxd4) 22... dxc3 23. Rxe8+ Bxe8) 22. Bxd5 Bf5 $36 {[%mdl 2048] Black has the initiative.} 23. Qd2 (23. Qf1 $15) 23... Be4 $1 $17 {[%cal Re4d5]} 24. c4 (24. Re1 $17 {was the only defense.}) 24... Bxf3 25. gxf3 {[#]} Bc7 (25... Rxd5 $1 $19 {[%mdl 512] is more deadly.} 26. cxd5 Qxf3) 26. f4 ({Not} 26. Qxh6 $2 {[#]} Rxd5 $1 {[%mdl 512]} 27. cxd5 Qxf3 $19) 26... Bxf4 27. Qd3 Qg5+ 28. Kh1 {Threatening Rg1.} Qh5 {[%csl Gf4][%cal Rh5h2]} 29. f3 $1 Kh7 30. Qd4 Qf5 31. Qd3 $2 {[%mdl 8192] [#]} (31. b5 $15) 31... Re1+ $1 $19 {[%mdl 512] Black is clearly winning.} 32. Rxe1 Qxd3 33. Kg2 Rd7 34. b5 Qb3 35. Ree2 axb5 36. axb5 Rxd5 37. cxd5 Qxb5 {Precision: White = 53%, Black = 48%.} 0-1

[Event "36th Zalakaros Festival 2017"]
[Site "Zalakaros"]
[Date "2017.05.23"]
[Round "6"]
[White "Injac, Teodora"]
[Black "Li, Bo"]
[Result "0-1"]
[WhiteElo "2296"]
[BlackElo "2359"]
[Annotator "TA"]
[PlyCount "120"]
[EventDate "2017.??.??"]
[EventType "swiss"]
[EventCountry "HUN"]
[SourceTitle "playchess.com"]
[Source "ChessBase"]
[SourceQuality "1"]

{[%evp 9,120,-14,-4,-12,-10,-8,0,-8,0,4,0,0,0,2,3,0,0,-5,-3,-7,47,52,71,16,10,0,10,10,21,14,25,-27,-26,-30,-27,-31,0,-68,-80,-67,-70,-52,-55,-106,-101,-103,-58,-46,-50,-64,-60,-58,-63,-95,-86,-80,-81,-121,-97,-104,-99,-104,-97,-125,-97,-97,-67,-77,-30,-23,-28,-85,-31,-53,-54,-54,-58,-58,-58,-51,-51,-51,-51,-150,-169,-159,-150,-140,-150,-177,-184,-183,0,-162,-162,-162,-162,-162,-162,-162,-162,-162,-162,-184,-162,-370,-296,-279,-264,-256,-266,-438,-472]} 1. Nf3 d5 2. c4 d4 3. a3 c5 (3... g6 4. e3 Nc6 5. b4 Bg7 6. Bb2 e5 7. d3 Nge7 8. b5 Na5 9. exd4 exd4 10. g3 Nf5 11. Bg2 Qe7+ {1-0 (30) Rapport,R (2704)-Varga,Z (2459) Palic 2014}) 4. b4 Qc7 $146 ({Predecessor:} 4... f6 5. d3 e5 6. bxc5 Bxc5 7. g3 Ne7 8. Bg2 O-O 9. Nbd2 Nec6 10. O-O Na6 11. Nb3 Be7 12. e3 Bg4 13. h3 Bh5 14. g4 Bf7 15. exd4 exd4 16. Bb2 {½-½ (16) Roeder,M (2422)-Zimina,O (2327) Cesenatico 2014}) 5. g3 e5 6. d3 {A09: Réti Opening: 1 Nf3 d5 2 c4} cxb4 7. Bg2 Nc6 8. O-O {The position is equal.} Nf6 9. Qa4 {Black should prevent Nxe5!} Bd7 10. axb4 $1 Nxb4 11. Qa5 Bd6 $1 12. Qxc7 Bxc7 13. Bd2 Nc6 14. Na3 Rd8 (14... a6 $11) 15. Rfb1 $14 {[%mdl 1024] White has compensation.} Bc8 16. Ne1 (16. Nb5 $16 Bb8 17. Ng5) 16... a6 $11 17. Nec2 O-O 18. Nb4 Nxb4 19. Bxb4 Rfe8 20. Bd2 (20. Bc5 $142) 20... e4 21. Bg5 exd3 $1 22. exd3 Ba5 23. Nc2 (23. Bxb7 $11 Bc3 24. Bxf6 gxf6 25. Bxc8 Bxa1 26. Bxa6) 23... Bc3 $15 {And now ...Bf5 would win.} 24. Ra2 Bf5 25. Bf1 Rd7 26. Bxf6 (26. f3 $15) 26... gxf6 $17 27. Nb4 Bxb4 28. Rxb4 Re1 {( -> ...Bh3)} 29. Kg2 $1 Rde7 {Hoping for ...Rxf1!} 30. f3 Bd7 $36 {[%mdl 2048] Black fights for an advantage.} 31. c5 Rc1 32. Rxd4 Rxc5 33. Kf2 Be6 34. Rd8+ Kg7 35. Rb2 Rec7 36. Ke3 Re5+ 37. Kd2 h5 38. f4 Rd5 39. Rxd5 Bxd5 $11 {[%mdl 4096] Endgame KRB-KRB} 40. Ke3 (40. Be2 $11 {keeps the balance.}) 40... Rc1 (40... b5 $17) 41. Kd4 Bc6 42. Bg2 $1 Bxg2 43. Rxg2 $15 {KR-KR} Rb1 44. Kc5 a5 {[%cal Ba6a5,Ba5a4,Ba4a3][%mdl 32]} 45. d4 Kf8 46. Kd6 ({Better is} 46. Re2 $15) 46... a4 47. Ra2 b5 {...Rb3 is the strong threat.} 48. Kc6 Ke7 49. d5 Rb3 {aiming for ...a3.} 50. Kc7 Rd3 $2 (50... Rc3+ $1 $19 51. Kb6 b4 52. Rxa4 b3) 51. Kc6 $2 (51. Re2+ $1 $11 Kf8 52. d6) 51... a3 $1 $19 52. Re2+ Kd8 53. Kxb5 Rxd5+ 54. Kb4 Rd3 55. Kc4 {[#]} Rf3 $1 56. Kd4 Rb3 57. Ke4 $2 (57. Ra2) 57... Rb5 58. Ra2 {[#]} Ra5 $1 59. h3 f5+ 60. Kf3 $2 (60. Kd3 {was worth a try.}) 60... Ke7 {Precision: White = 45%, Black = 70%.} 0-1

[Event "36th Zalakaros Festival 2017"]
[Site "Zalakaros"]
[Date "2017.05.23"]
[Round "6"]
[White "Rakesh Kumar Jena"]
[Black "Hardicsay, Peter"]
[Result "1/2-1/2"]
[WhiteElo "2288"]
[BlackElo "2218"]
[Annotator "TA"]
[PlyCount "135"]
[EventDate "2017.??.??"]
[EventType "swiss"]
[EventCountry "HUN"]
[SourceTitle "playchess.com"]
[Source "ChessBase"]
[SourceQuality "1"]

{[%evp 14,135,-20,-24,-11,-35,-20,-55,-34,-95,-37,-12,0,0,0,0,40,-6,33,-28,24,21,29,27,55,44,56,-44,-54,-58,-61,-65,-62,-54,-35,-34,-22,-22,-22,-47,-37,-63,-62,-124,-95,-113,-94,-118,-64,-129,-104,-104,-105,-131,-114,-223,-219,-199,-122,-225,-157,-247,-139,-209,-102,-95,-64,-64,-64,-64,-64,-64,-64,-64,-5,-5,-5,-5,-5,-5,-5,-5,-5,-5,-5,-5,-5,-5,0,-5,0,-5,-5,-17,-5,-5,0,0,0,0,0,0,0,0,0,0,0,0,0,0,0,0,0,0,0,0,0,0,0,0,0,0,0,0]} 1. d4 Nf6 2. Nf3 e6 3. Bf4 b6 4. Nbd2 Bb7 5. e3 d6 6. Bd3 Nh5 7. Bg3 Be7 8. c3 Nd7 {A47: 1 d4 Nf6 2 Nf3 b6: Torre, London and Colle Systems} 9. Qc2 g6 10. O-O-O a6 $146 {Black is slightly better.} ({Predecessor:} 10... c5 11. Kb1 O-O 12. e4 cxd4 13. Nxd4 e5 14. N4b3 a5 15. Bb5 a4 16. Nc1 {0-1 (40) Arts,E (2206)-Soza de la Carrera,J (2408) ICCF email 2007}) 11. c4 (11. h4 $15) 11... c6 (11... c5 $17) 12. Ne4 $15 Ndf6 13. Nxf6+ Bxf6 14. e4 Be7 15. Kb1 (15. c5 $5) 15... O-O 16. Qd2 ({Better is} 16. c5 $14) 16... f5 (16... c5 $142) 17. exf5 $11 exf5 18. Bf4 Qd7 19. Bh6 Rfe8 20. Qb4 ({White should play} 20. c5 $14) 20... c5 $1 $15 {[%cal Rc5b4]} 21. Qb3 Bxf3 22. gxf3 Bf6 23. d5 Rab8 24. a4 $1 Bd4 (24... Bg7 $5 {[%cal Rg7h6]} 25. Bg5 Bf6 26. Bxf6 Nxf6 $15) 25. Qc2 Kh8 (25... Bg7 $5 {[%cal Rg7h6]} 26. Bg5 Be5 $15) 26. Rhg1 Bg7 27. Bxg7+ Nxg7 28. Qc3 (28. h4 $15) 28... Kg8 29. b3 Qe7 30. Rg3 Qe5 (30... Qh4 $17 31. Rg2 Qf4) 31. Qd2 ({White should try} 31. Qxe5 $15 Rxe5 32. f4) 31... Re7 32. f4 Qf6 33. Rg5 Rbe8 34. h4 (34. Qc1 $17 {is a better defense.}) 34... Kf8 $19 35. Qc1 {[#]} a5 (35... Nh5 $1 $19 36. Qd2 h6) 36. Qb2 (36. Ka2 $17) 36... Qxb2+ 37. Kxb2 Re1 (37... Nh5 $19 38. Bxf5 Re2+ 39. Ka3 Rxf2) 38. Kc2 {[#]} (38. Kc1 $17 {might work better.}) 38... Rxd1 (38... Nh5 $1 $19 {and Black stays clearly on top.} 39. Rxe1 Rxe1) 39. Kxd1 {[%mdl 4096] Endgame KRB-KRN} Re7 40. Rg3 Nh5 41. Rf3 Kf7 42. Kd2 Kf6 43. Bc2 Kg7 (43... h6 $15) 44. Re3 $11 {The position is equal.} Kf7 (44... Rd7 {is interesting.} 45. Ke2 Kf7 46. Kf3 Rd8 47. Bd3 Ng7) 45. Rxe7+ Kxe7 {KB-KN} 46. Ke3 Kf7 47. Kf3 Kg7 48. Bd3 Kh6 49. Bc2 Nf6 50. Kg3 Nh5+ 51. Kf3 Kg7 52. Bd3 Kf6 53. Bc2 h6 54. Bd3 g5 (54... Ke7 {seems wilder.} 55. Be2 Nf6 56. Bd1 Kf7 57. Ke3 h5) 55. hxg5+ hxg5 56. fxg5+ Kxg5 57. Bb1 Nf6 58. Bc2 Nd7 59. Kg3 f4+ 60. Kf3 Ne5+ 61. Ke4 Nd7 (61... Ng4 $5 62. Kf3 $8 Ne5+ 63. Ke4 Ng4 $11) 62. Kf3 Nb8 63. Bd3 Na6 64. Be4 Nc7 65. Bd3 Ne8 66. Bc2 Ng7 67. Bd3 Nh5 68. Bc2 {Precision: White = 40%, Black = 56%.} 1/2-1/2

[Event "36th Zalakaros Festival 2017"]
[Site "Zalakaros"]
[Date "2017.05.23"]
[Round "6"]
[White "Horvath, Dominik"]
[Black "Cuhendi, Sean Winshand"]
[Result "1/2-1/2"]
[WhiteElo "2275"]
[BlackElo "2407"]
[Annotator "TA"]
[PlyCount "61"]
[EventDate "2017.??.??"]
[EventType "swiss"]
[EventCountry "HUN"]
[SourceTitle "playchess.com"]
[Source "ChessBase"]
[SourceQuality "1"]

{[%evp 14,61,42,30,80,22,8,12,73,71,92,88,90,83,87,93,100,98,114,116,118,116,110,98,104,90,111,71,79,22,22,21,33,0,261,0,0,0,0,0,0,0,0,0,0,0,0,0,0,0]} 1. d4 d5 2. c4 Nc6 3. Nc3 Nf6 4. Nf3 dxc4 5. e4 Bg4 6. Be3 e6 7. Bxc4 Bb4 8. Qd3 O-O {[#] D07: Queen's Gambit: Chigorin Defence} (8... a6 9. a3 Be7 10. Qd2 O-O 11. Be2 Nd7 12. Rd1 Nb6 13. Qc2 Qe8 14. O-O Rd8 15. Rfe1 f5 16. exf5 Bxf5 {0-1 (38) Savchenko,S (2521)-Miladinovic,I (2561) Algiers 2015}) 9. Bb5 (9. Nd2 $1 $16) 9... Bxc3+ $11 10. bxc3 Nd7 $146 (10... Bxf3 $11 {remains equal.} 11. gxf3 Ne7) ({Predecessor:} 10... Bxf3 11. gxf3 Ne7 12. Bg5 Ng6 13. e5 h6 14. Bd2 Nd5 15. Rg1 a6 16. Ba4 {1-0 (55) Koch,W (2325)-Treffert,P (2295) Germany 2007}) 11. Nd2 $16 f5 {With the idea ...f4.} 12. f3 fxe4 13. Nxe4 Bf5 14. O-O a6 15. Bxc6 Ne5 16. Qb1 Nxc6 17. Qxb7 Na5 18. Qb4 Qd5 19. Nd2 Rab8 20. Qa4 Bd3 21. c4 (21. Rf2 $16) 21... Nxc4 $11 22. Nxc4 Bxc4 23. Rfc1 Rb2 $2 {[%mdl 8192]} (23... Rxf3 $1 $11 {and Black stays safe.} 24. gxf3 Qxf3 25. Qxc4 Qxe3+ 26. Kh1 Qe4+ 27. Kg1 Qg4+ 28. Kh1 Qe4+ 29. Kg1 Qg4+ 30. Kh1 Qe4+) 24. Rxc4 $2 (24. Qxc4 $18 Rxg2+ 25. Kh1) 24... Rxg2+ $1 {The position is equal.} 25. Kxg2 Qxf3+ 26. Kg1 Qxe3+ 27. Kh1 {[#] Hoping for Qc6.} Qe2 {( -> ...Rf1+)} 28. Rcc1 {Black must now prevent Qc6.} Qe4+ 29. Kg1 {Qc6 is the strong threat.} Qg6+ 30. Kh1 Qe4+ 31. Kg1 {Precision: White = 38%, Black = 51%.} 1/2-1/2